[Event "Team men PL final"]
[Site "Sochi"]
[Date "2018.05.10"]
[Round "9.30"]
[White "Yumakhuzhin, Vadim"]
[Black "Khanin, Semen"]
[Result "0-1"]
[BlackElo "2477"]
[WhiteElo "2184"]
[LiveChessVersion "1.4.8"]

1. d4 {[%clk 1:30:58]} Nf6 {[%clk 1:30:54]} 2. Bf4 {[%clk 1:31:23]} d5
{[%clk 1:31:18]} 3. e3 {[%clk 1:31:47]} c5 {[%clk 1:31:43]} 4. c3
{[%clk 1:32:12]} Nc6 {[%clk 1:32:07]} 5. Nf3 {[%clk 1:32:34]} Qb6
{[%clk 1:32:20]} 6. Qb3 {[%clk 1:32:54]} c4 {[%clk 1:32:43]} 7. Qc2
{[%clk 1:33:19]} Bf5 {[%clk 1:33:07]} 8. Qc1 {[%clk 1:33:44]} Nh5
{[%clk 1:33:28]} 9. Bg3 {[%clk 1:33:26]} Nxg3 {[%clk 1:33:50]} 10. hxg3
{[%clk 1:33:50]} g6 {[%clk 1:34:13]} 11. Nbd2 {[%clk 1:32:50]} h5
{[%clk 1:34:29]} 12. Be2 {[%clk 1:30:23]} Bg7 {[%clk 1:34:39]} 13. O-O
{[%clk 1:18:06]} O-O {[%clk 1:30:06]} 14. Re1 {[%clk 1:11:42]} Qc7
{[%clk 1:22:30]} 15. Nh4 {[%clk 1:04:59]} Bd7 {[%clk 1:22:24]} 16. e4
{[%clk 1:04:42]} e6 {[%clk 1:22:33]} 17. e5 {[%clk 1:03:16]} g5 {[%clk 1:14:18]}
18. Nhf3 {[%clk 1:02:51]} g4 {[%clk 1:10:28]} 19. Nh2 {[%clk 0:59:10]} f6
{[%clk 1:10:27]} 20. exf6 {[%clk 0:46:55]} Rxf6 {[%clk 1:10:47]} 21. Ndf1
{[%clk 0:42:15]} Raf8 {[%clk 0:57:42]} 22. f4 {[%clk 0:36:03]} b5
{[%clk 0:52:05]} 23. a3 {[%clk 0:24:37]} Qb6 {[%clk 0:51:25]} 24. Kh1
{[%clk 0:23:20]} a5 {[%clk 0:46:17]} 25. Bd1 {[%clk 0:16:19]} Rh6
{[%clk 0:44:52]} 26. Ne3 {[%clk 0:14:14]} Qd8 {[%clk 0:42:31]} 27. Bxg4
{[%clk 0:04:51]} hxg4 {[%clk 0:42:01]} 28. Nexg4 {[%clk 0:05:17]} Rh5
{[%clk 0:41:08]} 29. Kg1 {[%clk 0:03:52]} Ne7 {[%clk 0:28:01]} 30. Qd1
{[%clk 0:04:17]} Nf5 {[%clk 0:24:21]} 31. Qf3 {[%clk 0:01:58]} Nxd4
{[%clk 0:18:37]} 32. cxd4 {[%clk 0:02:19]} Bxd4+ {[%clk 0:19:04]} 33. Kh1
{[%clk 0:01:57]} Kg7 {[%clk 0:18:57]} 34. Rad1 {[%clk 0:00:47]} e5
{[%clk 0:16:25]} 35. Nxe5 {[%clk 0:00:51]} Rxh2+ {[%clk 0:16:50]} 0-1